[Event "FH 0"]
[Site "SchemingMind.com"]
[Date "2022.02.05"]
[Round "-"]
[White "capablanca"]
[Black "Kenny Elliott"]
[Result "1-0"]
[WhiteCountry "GER"]
[BlackCountry "USA"]
[WhiteElo "1682"]
[WhiteRD "76"]
[BlackElo "1507"]
[BlackRD "70"]
[GameID "720394"]

1. d4 d5 2. c4 c6 3. Nc3 Nf6 4. cxd5 cxd5 5. Nf3 g6 6. e3 Bg7 7. Be2 O-O 8. O-O Nc6 9. a3 Bf5 10. Bd3 Bxd3
11. Qxd3 a6 12. Bd2 Re8 13. b4 b5 14. Rac1 Qd6 15. Ne2 Ne4 16. Ng3 Nxg3 17. hxg3 e5 18. dxe5 Nxe5 19. Nxe5 Bxe5 20. Bc3 Red8
21. Bxe5 Qxe5 22. Rc5 Qe6 23. Rfc1 Rd6 24. Qd4 a5 25. Rxb5 axb4 26. axb4 Qe8 27. Rxd5 Rxd5 28. Qxd5 Qf8 29. b5 Ra5 30. Qc6 Qb8
31. Qc8+ Qxc8 32. Rxc8+ Kg7 33. b6 Rb5 34. Rc6 Kf8 35. Rc8+ Kg7 36. Rc6 Kf8 37. g4 Ke7 38. Rc7+ Kd8 39. Rxf7 Rxb6 40. Rxh7 Ke8
41. Kh2 Kf8 42. Kg3 Kg8 43. Ra7
1-0

[Event "FH 0"]
[Site "SchemingMind.com"]
[Date "2022.02.04"]
[Round "-"]
[White "Derek Price"]
[Black "capablanca"]
[Result "1-0"]
[WhiteCountry "ENG"]
[BlackCountry "GER"]
[WhiteElo "2300"]
[WhiteRD "73"]
[BlackElo "1682"]
[BlackRD "76"]
[GameID "720395"]

1. c4 c5 2. Nf3 Nc6 3. Nc3 Nf6 4. g3 g6 5. Bg2 Bg7 6. O-O O-O 7. d4 cxd4 8. Nxd4 Nxd4 9. Qxd4 d6 10. Qd3 Bf5
11. e4 Bc8 12. b3 Rb8 13. Bf4 Nh5 14. Be3 Nf6 15. Bxa7 Ra8 16. Bd4 Bd7 17. a4 Ng4 18. Bxg7 Kxg7 19. Nd5 Ne5 20. Qc3 Kg8
21. a5 Bc6 22. Nb6 Rb8 23. b4 Bd7 24. f4 Ng4 25. h3 Nf6 26. Rfe1 Qc7 27. e5 dxe5 28. Qxe5 Qxe5 29. fxe5
1-0

[Event "FH 0"]
[Site "SchemingMind.com"]
[Date "2022.02.04"]
[Round "-"]
[White "capablanca"]
[Black "grabapawn"]
[Result "1-0"]
[WhiteCountry "GER"]
[BlackCountry "USA"]
[WhiteElo "1669"]
[WhiteRD "85"]
[BlackElo "1536"]
[BlackRD "66"]
[GameID "720396"]

1. e4 d6 2. d4 Nf6 3. Nc3 Nbd7 4. Nf3 e5 5. Bc4 Be7 6. a4 O-O 7. O-O c6 8. a5 Qc7 9. Re1 Ng4 10. h3 Nh6
11. Bg5 Bxg5 12. Nxg5 Nf6 13. dxe5 dxe5 14. Qf3 Qe7 15. Qe3 Nh5 16. Rad1 Nf4 17. Nf3 Qf6 18. Ne2 g5 19. Ng3 g4 20. hxg4 Nxg4
21. Qb3 Ne6 22. Rd6 Re8 23. Nf5 Qg6 24. Red1 Nc5 25. Rxg6+
1-0

[Event "FH 0"]
[Site "SchemingMind.com"]
[Date "2022.02.08"]
[Round "-"]
[White "Michael Christensen"]
[Black "capablanca"]
[Result "1-0"]
[WhiteCountry "GER"]
[BlackCountry "GER"]
[WhiteElo "1796"]
[WhiteRD "85"]
[BlackElo "1688"]
[BlackRD "81"]
[GameID "720397"]

1. d4 d5 2. Nc3 Nf6 3. Bg5 Nbd7 4. f3 h6 5. Bh4 Nb6 6. e4 dxe4 7. fxe4 g5 8. Bf2 e6 9. Bd3 Bg7 10. Nf3 Bd7
11. Ne5 Qe7 12. O-O O-O-O 13. Qe2 h5 14. Be3 g4 15. Bg5 Rhg8 16. Qf2 Bh8 17. Bxf6 Bxf6 18. Qxf6
1-0

[Event "FH 0"]
[Site "SchemingMind.com"]
[Date "2022.02.04"]
[Round "-"]
[White "abuteague"]
[Black "capablanca"]
[Result "0-1"]
[WhiteCountry "USA"]
[BlackCountry "GER"]
[WhiteElo "1647"]
[WhiteRD "80"]
[BlackElo "1682"]
[BlackRD "76"]
[GameID "720398"]

1. d4 d5 2. c4 c6 3. Nf3 Nf6 4. Bg5 dxc4 5. e3 b5 6. Bxf6 exf6 7. a4 Bb7 8. axb5 cxb5 9. Be2 Bb4+ 10. Nbd2 O-O
11. O-O Nd7 12. Nb1 Nb6 13. Nc3 a6 14. Rc1 Re8 15. Nh4 Qd7 16. Bg4 Qc6 17. Bf3 Qc7 18. Bxb7 Qxb7 19. Qg4 Bxc3 20. Rxc3 Re4
21. Qf3 Rae8 22. Nf5 Qb8 23. Ra3 Na4 24. b3 cxb3 25. Rxb3 Nb6 26. Rfb1 Nc4 27. Qg3 Qxg3 28. hxg3 g6 29. Nh6+ Kg7 30. f3 Rxe3
31. Ng4 Rxb3 32. Rxb3 Re1+ 33. Kf2 Rd1 34. Ne3 Rxd4 35. Nxc4 Rxc4 36. g4 b4 37. Ke3 Rc3+ 38. Rxc3 bxc3
0-1

[Event "FH 0"]
[Site "SchemingMind.com"]
[Date "2022.02.04"]
[Round "-"]
[White "capablanca"]
[Black "Chessibelle"]
[Result "1-0"]
[WhiteCountry "GER"]
[BlackCountry "ENG"]
[WhiteElo "1669"]
[WhiteRD "85"]
[BlackElo "1030"]
[BlackRD "65"]
[GameID "720399"]

1. e4 e5 2. Nf3 Nc6 3. Bc4 h6 4. O-O Nf6 5. Re1 Be7 6. d4 Bd6 7. Nc3 O-O 8. a4 b6 9. Nd5 Ne7 10. Nxf6+ Kh8
11. Ng4 f6 12. Nh4 g5 13. Nf5 Nxf5 14. exf5 Bb7 15. dxe5 Be7 16. exf6 Bc5 17. Nxh6 Qxf6 18. Qh5 Kg7 19. Bxg5 Qc6 20. f6+ Kh8
21. Nf5#
1-0

[Event "FH 0"]
[Site "SchemingMind.com"]
[Date "2022.02.04"]
[Round "-"]
[White "capablanca"]
[Black "JAHI"]
[Result "0-1"]
[WhiteCountry "GER"]
[BlackCountry "INT"]
[WhiteElo "1682"]
[WhiteRD "76"]
[BlackElo "2070"]
[BlackRD "70"]
[GameID "720400"]

1. e4 a6 2. d4 g6 3. Nf3 Bg7 4. Nc3 Kf8 5. Bc4 h6 6. Be3 h5 7. e5 Nh6 8. h3 Nc6= 9. a3 b6 10. b4 Bb7
11. Bd5 e6 12. Be4 Kg8 13. a4 Qf8 14. b5 Na5 15. Bxb7 Nxb7 16. Ne4 d6 17. Nf6+ Bxf6 18. exf6 d5 19. Ne5 Nf5 20. O-O axb5
21. axb5 Rxa1 22. Qxa1 Nbd6 23. Rb1 Ne4 24. Qa7 Qd8 25. Ra1 Nxe3 26. fxe3 Nxf6 27. Qb7 Kg7 28. Ra7 Ne8 29. Ra8 Qg5 30. Kf2 Nd6
31. Qc6 Ne4+ 32. Kf1 Qxe3
0-1

[Event "FH 0"]
[Site "SchemingMind.com"]
[Date "2022.02.04"]
[Round "-"]
[White "capablanca"]
[Black "ClogViking"]
[Result "1-0"]
[WhiteCountry "GER"]
[BlackCountry "NOR"]
[WhiteElo "1688"]
[WhiteRD "81"]
[BlackElo "1605"]
[BlackRD "91"]
[GameID "720401"]

1. e4 d6 2. d4 Nf6 3. Nc3 Nbd7 4. Nf3 e5 5. Bc4 Be7 6. O-O h6 7. Re1 c6 8. a4 a5 9. Be3 Qc7 10. d5 g5
11. h3 Nf8 12. Ne2 g4 13. hxg4 Bxg4 14. Ng3 Ng6 15. Be2 h5 16. Nh2 Bxe2 17. Qxe2
1-0

[Event "FH 0"]
[Site "SchemingMind.com"]
[Date "2022.02.03"]
[Round "-"]
[White "abuteague"]
[Black "Kenny Elliott"]
[Result "1-0"]
[WhiteCountry "USA"]
[BlackCountry "USA"]
[WhiteElo "1647"]
[WhiteRD "80"]
[BlackElo "1507"]
[BlackRD "70"]
[GameID "720403"]

1. d4 d5 2. c4 c6 3. Nf3 Nf6 4. Bg5 Ne4 5. e3 Bg4 6. Be2 Bxf3 7. Bxe7 Bxe7 8. Bxf3 Bb4+ 9. Ke2 O-O 10. a3 Ba5
11. b4 Bc7 12. cxd5 cxd5 13. Re1 Nd7 14. Bxe4 dxe4 15. g3 Nf6 16. Kf1 Qd7 17. Nc3 Qh3+ 18. Ke2 Qxh2 19. Rh1 Qg2 20. Qf1 Bxg3
21. Qxg2
1-0

[Event "FH 0"]
[Site "SchemingMind.com"]
[Date "2022.02.03"]
[Round "-"]
[White "Kenny Elliott"]
[Black "Chessibelle"]
[Result "1-0"]
[WhiteCountry "USA"]
[BlackCountry "ENG"]
[WhiteElo "1507"]
[WhiteRD "70"]
[BlackElo "1057"]
[BlackRD "62"]
[GameID "720404"]

1. d4 d5 2. c4 Nf6 3. Nc3 e6 4. Bg5 Be7 5. Nf3 O-O 6. e3 Nc6 7. cxd5 exd5 8. Be2 b6 9. O-O h6 10. Bxf6 Bxf6
11. Rb1 Be6 12. e4 Bc8 13. e5 Be7 14. Qb3 Be6 15. Qc2 g6 16. Rfc1 Nb4 17. Qd2 g5 18. h3 Nc6 19. a3 f6 20. Bb5 Bd7
21. e6 Bxe6 22. Bxc6 Rb8 23. Ne2 f5 24. Ne5 f4 25. b4 a6 26. Ba4 b5 27. Bc2 Qe8 28. Qd3 Bf5 29. Qb3 Rd8 30. Bxf5 Rxf5
31. f3 Rc8 32. Qxd5+ Kh8 33. Qe4 Rf6 34. Ng4 Rg6 35. Qe5+ Kh7 36. Rxc7 Qd8 37. Rxe7+ Kg8 38. Nf6+ Kf8 39. Nd7+ Kg8 40. Qe4 Qc7
41. Qxg6+ Kh8 42. Qg7#
1-0

[Event "FH 0"]
[Site "SchemingMind.com"]
[Date "2022.02.03"]
[Round "-"]
[White "Kenny Elliott"]
[Black "Derek Price"]
[Result "0-1"]
[WhiteCountry "USA"]
[BlackCountry "ENG"]
[WhiteElo "1507"]
[WhiteRD "70"]
[BlackElo "2300"]
[BlackRD "73"]
[GameID "720405"]

1. d4 d5 2. c4 c6 3. Nc3 Nf6 4. Nf3 e6 5. Bg5 h6 6. Bh4 dxc4 7. e4 g5 8. Bg3 b5 9. Be5 Nbd7 10. Bxf6 Nxf6
11. Ne5 Bb7 12. Be2 Bg7 13. Nf3 O-O 14. O-O Qb6 15. e5 Nd7 16. Ne4 c5 17. Nexg5 cxd4 18. Nh3 d3 19. Bxd3 cxd3 20. Qxd3 Rfd8
21. Qe2 Bxf3 22. Qxf3 Nxe5 23. Qg3 Rd3 24. Nf4 Rxg3 25. hxg3 Ng4 26. Nh5 Bd4 27. Rab1 Bxf2+ 28. Kh1 Qc5 29. Nf4 Qe3 30. Rbc1 Qxg3
31. Rxf2 Qh2#
0-1

[Event "FH 0"]
[Site "SchemingMind.com"]
[Date "2022.02.03"]
[Round "-"]
[White "Derek Price"]
[Black "abuteague"]
[Result "1-0"]
[WhiteCountry "ENG"]
[BlackCountry "USA"]
[WhiteElo "2300"]
[WhiteRD "73"]
[BlackElo "1647"]
[BlackRD "80"]
[GameID "720406"]

1. c4 d6 2. d4 Nf6 3. Nf3 e6 4. g3 Bd7 5. Bg2 Be7 6. O-O O-O 7. Nc3 c6 8. e4 h6 9. e5 dxe5 10. Nxe5 a6
11. Bf4 Nh7 12. Qb3 b5 13. d5 bxc4 14. Qb7 cxd5 15. Qxa8 f6 16. Ng6 Rf7 17. Nxe7+ Rxe7 18. Qxb8 Qxb8 19. Bxb8 d4 20. Ne4 d3
21. Rfc1 Ng5 22. Rxc4 Bb5 23. Rc8+ Kh7 24. a4 Nxe4 25. Bxe4+ f5 26. axb5 fxe4 27. bxa6
1-0

[Event "FH 0"]
[Site "SchemingMind.com"]
[Date "2022.02.03"]
[Round "-"]
[White "Chessibelle"]
[Black "Derek Price"]
[Result "0-1"]
[WhiteCountry "ENG"]
[BlackCountry "ENG"]
[WhiteElo "1057"]
[WhiteRD "62"]
[BlackElo "2300"]
[BlackRD "73"]
[GameID "720407"]

1. Nf3 Nf6 2. g3 d5 3. e3 g6 4. Bb5+ c6 5. Bd3 Nbd7 6. O-O e5 7. Nc3 e4 8. Be2 exf3 9. Bxf3 Bg7 10. b3 O-O
11. d3 Re8 12. Ne2 Ne4 13. c4 Ng5 14. Bg2 Bxa1 15. f4 Ne6 16. Bd2 Bg7 17. e4 Qb6+ 18. Kh1 Nec5 19. Be3 dxc4 20. dxc4 Qa5
21. f5 Nxe4 22. a4 Nxg3+ 23. hxg3 Rxe3 24. Nf4 Rxg3 25. Kh2 Re3 26. Qc1 Rxb3 27. Qc2 Rb2 28. Qe4 Nf6 29. Qf3 Bxf5 30. Re1 Qxe1
31. Qa3 Ng4+ 32. Kh3 Ne3+ 33. Kh2 Rxg2+ 34. Nxg2 Be5+
0-1

[Event "FH 0"]
[Site "SchemingMind.com"]
[Date "2022.02.03"]
[Round "-"]
[White "JAHI"]
[Black "Derek Price"]
[Result "0-1"]
[WhiteCountry "INT"]
[BlackCountry "ENG"]
[WhiteElo "2127"]
[WhiteRD "66"]
[BlackElo "2352"]
[BlackRD "69"]
[GameID "720408"]

1. f3 d5 2. f4 g6 3. Nf3 Bg7 4. h3 e5 5. d3 exf4 6. Bxf4 Bxb2 7. Nbd2 Qf6 8. Bg5 Qc3 9. Rb1 Nc6 10. Kf2 Nge7
11. e3 O-O 12. h4 h5 13. Nb3 Ba3 14. Nbd4 Nxd4 15. Nxd4 a6 16. Be2 Bd6 17. Bf3 f6 18. Ne2 Qc5 19. d4 Qc6 20. Bf4 b5
21. g3 Bf5 22. Bxd6 Qxd6 23. Nf4 Qd7 24. Qe2 c6 25. Rbg1 Bg4 26. Bxg4 Qxg4 27. Qxg4 hxg4 28. Re1 Rae8 29. Ne6 Rf7 30. Nc7 Rc8
31. Nxa6 Nf5 32. Nb4 Nd6 33. a3 Ra7 34. Ra1 Ra4 35. Rhe1 Ne4+ 36. Kg2 Kf7 37. Rh1 Ke6 38. Rhf1 Rca8 39. Rfe1 Kd6 40. Nd3 Rxa3
41. Rxa3 Rxa3 42. Kh2 Ke7 43. Kg2 Rc3 44. Re2 Ke6 45. Nf4+ Kf5 46. Nd3 Ra3 47. Nc1 c5 48. dxc5 Nxc5 49. Rf2+ Ke5 50. Rf4 f5
51. Rb4 Rc3 52. Rb2 Na4 53. Ra2 Rxe3 54. Nd3+ Kd4 55. Nf4 Nc3 56. Rb2 Ke4 57. Rb3 d4 58. Ra3 Ne2 59. Rxe3+ Kxe3 60. Nxg6 f4
61. Ne5 f3+ 62. Kh2 Kd2 63. h5 f2 64. Kg2 Nxg3 65. Kxf2 Nxh5 66. Nc6 g3+ 67. Kf3 Kc3 68. Na7 b4 69. Nb5+ Kxc2 70. Nxd4+ Kc3
71. Ne2+ Kc4 72. Kg4 g2 73. Kxh5 b3 74. Kg4 b2 75. Kf3 b1=Q 76. Kxg2 Kd3 77. Ng3 Ke3 78. Nf1+ Kf4 79. Kf2 Qd1 80. Nh2 Qd2+
81. Kg1 Qe2 82. Nf1 Kg4 83. Ne3+ Kh3 84. Nd1 Qe1#
0-1

[Event "FH 0"]
[Site "SchemingMind.com"]
[Date "2022.02.03"]
[Round "-"]
[White "grabapawn"]
[Black "Kenny Elliott"]
[Result "1-0"]
[WhiteCountry "USA"]
[BlackCountry "USA"]
[WhiteElo "1536"]
[WhiteRD "66"]
[BlackElo "1512"]
[BlackRD "71"]
[GameID "720410"]

1. f4 f5 2. e3 Nf6 3. Nf3 e6 4. b3 d5 5. Bb2 Nc6 6. d3 Be7 7. Be2 O-O 8. O-O a6 9. Nbd2 Ng4 10. Qe1 Nxe3
11. Rf2 Nxc2 12. Qc1 Nxa1 13. Qxa1 Bf6 14. Bxf6 Rxf6 15. Ne5 Nxe5 16. Qxe5 c5 17. Rf3 Qa5 18. Rg3 Kf8 19. Qd6+ Kf7 20. Nf3 e5
21. Nxe5+ Kg8 22. Qe7 Qe1+ 23. Bf1 Re6 24. Qxg7#
1-0

[Event "FH 0"]
[Site "SchemingMind.com"]
[Date "2022.02.04"]
[Round "-"]
[White "Derek Price"]
[Black "grabapawn"]
[Result "1-0"]
[WhiteCountry "ENG"]
[BlackCountry "USA"]
[WhiteElo "2300"]
[WhiteRD "73"]
[BlackElo "1509"]
[BlackRD "65"]
[GameID "720411"]

1. c4 d6 2. d4 Nf6 3. Nf3 Nbd7 4. Nc3 e5 5. e4 Be7 6. Be2 c6 7. O-O Qc7 8. h3 h6 9. Be3 Nf8 10. Rc1 Ng6
11. c5 Nf4 12. Bxf4 exf4 13. cxd6 Qxd6 14. e5 Qd7 15. exf6 gxf6 16. Kh1 Rg8 17. Rg1 Qf5 18. d5 Bb4 19. Qd4 c5 20. Qe4+ Kf8
21. Qxf5 Bxf5 22. Nh4 Bd7 23. Ne4 Kg7 24. a3 Rae8 25. Bf3 Ba5 26. Nxc5 Bc8 27. d6 Rd8 28. Bxb7 Bb6 29. Bxc8 Rxc8 30. b4 Rgd8
31. Nf5+ Kh7 32. Rgd1 Kg6 33. Ne7+
1-0

[Event "FH 0"]
[Site "SchemingMind.com"]
[Date "2022.02.04"]
[Round "-"]
[White "abuteague"]
[Black "grabapawn"]
[Result "1-0"]
[WhiteCountry "USA"]
[BlackCountry "USA"]
[WhiteElo "1647"]
[WhiteRD "80"]
[BlackElo "1509"]
[BlackRD "65"]
[GameID "720412"]

1. d4 d6 2. c4 Nf6 3. Nf3 Nbd7 4. Bg5 c6 5. e3 h6 6. Bxf6 Nxf6 7. Bd3 Qc7 8. O-O e5 9. dxe5 dxe5 10. Be2 Bd6
11. h3 Bd7 12. b3 e4 13. Nd4 c5 14. Nb5 Qc6 15. Qxd6 Qxd6 16. Nxd6+ Ke7 17. Nxb7 Rac8 18. Nc3 g5 19. Rfd1 Rc7 20. Na5 Rg8
21. Rd2 h5 22. a3 h4 23. Rad1 g4 24. Bxg4 Nxg4 25. hxg4 Rxg4 26. Nd5+
1-0

[Event "FH 0"]
[Site "SchemingMind.com"]
[Date "2022.02.03"]
[Round "-"]
[White "grabapawn"]
[Black "Chessibelle"]
[Result "1-0"]
[WhiteCountry "USA"]
[BlackCountry "ENG"]
[WhiteElo "1536"]
[WhiteRD "66"]
[BlackElo "1030"]
[BlackRD "65"]
[GameID "720413"]

1. f4 f5 2. e3 Nf6 3. b3 e6 4. Bb2 Be7 5. Nf3 d5 6. Be2 O-O 7. O-O a6 8. Ne5 c6 9. Rf3 Ne4 10. d3 Nf6
11. Rh3 h6 12. Nd2 b5 13. Bh5 c5 14. Qf3 Ra7 15. Qg3 Kh7 16. Bg6+ Kh8 17. Nf7+ Rxf7 18. Bxf7 Qf8 19. Bg6 Rc7 20. Nf3 d4
21. Ng5 Nbd7 22. Nxe6 Qg8 23. Nxc7 Nf8 24. Bh5 N8h7 25. Bf3 Bf8 26. exd4 Qf7 27. Na8 Be6 28. Re1 Qd7 29. Nb6 Qd8 30. Rxe6 cxd4
31. Qe1 Bc5 32. Na8 Nf8 33. Rxa6 Kg8 34. Qe5 N8d7 35. Qe6+ Kh7 36. Qxf5+ g6 37. Qe6 Kg7 38. Bd5 Nxd5 39. Qxg6+ Kf8 40. Qxh6+ Kg8
41. Qh7+ Kf8 42. Qh8+ Ke7 43. Rh7#
1-0

[Event "FH 0"]
[Site "SchemingMind.com"]
[Date "2022.02.03"]
[Round "-"]
[White "grabapawn"]
[Black "JAHI"]
[Result "0-1"]
[WhiteCountry "USA"]
[BlackCountry "INT"]
[WhiteElo "1536"]
[WhiteRD "66"]
[BlackElo "2044"]
[BlackRD "69"]
[GameID "720414"]

1. f4 a6 2. b3 a5 3. Bb2 a4 4. e4 e6 5. Nf3 a3 6. Bc3 d6 7. Bd3 d5 8. Ne5 d4 9. O-O dxc3 10. Nxc3 Bd6
11. Qg4 Bxe5 12. fxe5 Qd4+ 13. Kh1 Qxe5 14. Nb5 Nh6 15. Qe2 c6 16. Nc3 Kf8 17. Bc4 b6 18. Qe3 c5 19. Nb5 Ng4 20. Qh3 Nf2+
21. Kg1 Nxh3+
0-1

[Event "FH 0"]
[Site "SchemingMind.com"]
[Date "2022.02.03"]
[Round "-"]
[White "grabapawn"]
[Black "ClogViking"]
[Result "1-0"]
[WhiteCountry "USA"]
[BlackCountry "NOR"]
[WhiteElo "1550"]
[WhiteRD "70"]
[BlackElo "1622"]
[BlackRD "88"]
[GameID "720415"]

1. f4 e5 2. b3 exf4 3. Nf3 d5 4. Bb2 Nc6 5. Nc3 Nf6 6. e3 fxe3 7. dxe3 Bb4 8. a3 Be7 9. Bd3 Bg4 10. h3 Bh5
11. g4 Bg6 12. Nh4 Bxd3 13. Qxd3 Nxg4 14. Nf5 Bh4+ 15. Ke2 Nge5 16. Qxd5 Qxd5 17. Nxd5 Bd8 18. Nxg7+ Kf8 19. Rag1 Rg8 20. Nh5 Rc8
21. Rxg8+ Kxg8 22. Rg1+ Kf8 23. Nhf6 Bxf6 24. Nxf6 Ke7 25. Nd5+ Kd6 26. Rd1
1-0

[Event "FH 0"]
[Site "SchemingMind.com"]
[Date "2022.02.08"]
[Round "-"]
[White "Kenny Elliott"]
[Black "Michael Christensen"]
[Result "0-1"]
[WhiteCountry "USA"]
[BlackCountry "GER"]
[WhiteElo "1538"]
[WhiteRD "73"]
[BlackElo "1796"]
[BlackRD "85"]
[GameID "720417"]

1. d4 b6 2. e4 Bb7 3. Nc3 e6 4. Nf3 Bb4 5. Bd2 Bxc3 6. Bxc3 Bxe4 7. Nd2 Bb7 8. Nf3 Nf6 9. Be2 Nc6 10. O-O Nd5
11. Qd2 O-O 12. Qd3 Nce7 13. Ng5 Ng6 14. Qh3 Qxg5 15. Bf3 Ndf4 16. Qg4 Qxg4 17. Bxg4 Bxg2 18. Rfe1 Nh4 19. Bd2 Nh3+ 20. Bxh3 Bxh3
21. Re3 Bf5 22. Rg3 Ng6 23. Be3 d6 24. c4 c5 25. dxc5 dxc5 26. b3 Rad8 27. f4 Rd3 28. Rf1 Rfd8 29. Rf2 Rd1+ 30. Kg2 Nh4#
0-1

[Event "FH 0"]
[Site "SchemingMind.com"]
[Date "2022.02.08"]
[Round "-"]
[White "Michael Christensen"]
[Black "Derek Price"]
[Result "0-1"]
[WhiteCountry "GER"]
[BlackCountry "ENG"]
[WhiteElo "1794"]
[WhiteRD "90"]
[BlackElo "2352"]
[BlackRD "69"]
[GameID "720418"]

1. b3 e5 2. Bb2 Nc6 3. e3 d6 4. Bb5 Bd7 5. f4 exf4 6. exf4 Qe7+ 7. Ne2 Qh4+ 8. g3 Qh3 9. d3 a6 10. Bxc6 Bxc6
11. Rf1 Qxh2 12. Nd2 Nh6 13. Nf3 Bxf3 14. Rxf3 Kd7 15. Rf2 Qh3 16. Qd2 Ng4 17. Rf1 Re8 18. O-O-O Ne3 19. Rh1 Qg4 20. Rdg1 Nxc2
21. Rg2 Ne3 22. Rf2 Nf5 23. Rg2 Qf3 24. Rhg1 h5 25. Nc3 Qe3
0-1

[Event "FH 0"]
[Site "SchemingMind.com"]
[Date "2022.02.08"]
[Round "-"]
[White "grabapawn"]
[Black "Michael Christensen"]
[Result "0-1"]
[WhiteCountry "USA"]
[BlackCountry "GER"]
[WhiteElo "1569"]
[WhiteRD "74"]
[BlackElo "1796"]
[BlackRD "85"]
[GameID "720419"]

1. f4 b6 2. e3 Bb7 3. Nf3 e6 4. Be2 g6 5. Nc3 Bg7 6. d4 Nf6 7. O-O d6 8. Bd2 O-O 9. Ng5 h6 10. Nh3 c5
11. Nf2 Nc6 12. g4 Nd7 13. Nh3 Qh4 14. Nf2 cxd4 15. Nce4 Qe7 16. Ng3 dxe3 17. Bxe3 Bxb2 18. Rb1 Bg7 19. g5 h5 20. Bd3 Nc5
21. Nfe4 Nxd3 22. Qxd3 d5 23. Nf6+ Bxf6 24. gxf6 Qxf6 25. Rf2 Rac8 26. Rd1 Nb4 27. Qb3 Qc3 28. Qxc3 Rxc3 29. Bd4 Rxc2 30. Rxc2 Nxc2
31. Bf6 Rc8 32. h4 Ne3 33. Rd3 Rc1+ 34. Kf2 Ng4+
0-1

[Event "FH 0"]
[Site "SchemingMind.com"]
[Date "2022.02.08"]
[Round "-"]
[White "Michael Christensen"]
[Black "abuteague"]
[Result "1-0"]
[WhiteCountry "GER"]
[BlackCountry "USA"]
[WhiteElo "1808"]
[WhiteRD "93"]
[BlackElo "1643"]
[BlackRD "92"]
[GameID "720420"]

1. d4 d6 2. Nc3 Nf6 3. e4 e6 4. Bg5 Be7 5. Nf3 h6 6. Bh4 O-O 7. Bd3 Nbd7 8. e5 dxe5 9. dxe5 Nd5 10. Bxe7 Qxe7
11. Ne4 Rd8 12. Qd2 b6 13. O-O-O Bb7 14. a3 Nc5 15. Nxc5 bxc5 16. Rhe1 Rab8 17. g3 Nb6 18. Qe2 Rd7 19. Nh4 Rbd8 20. f4 c4
21. Be4 Bxe4 22. Qxe4 Rxd1+ 23. Rxd1 Rxd1+ 24. Kxd1 Qc5 25. Nf3 Nd5 26. c3 Qb5 27. Kc1 Qb3 28. Nd2 Qa2 29. Nxc4 Qa1+ 30. Qb1 Qxb1+
31. Kxb1 Nb6 32. Nxb6 cxb6 33. Kc2 Kf8 34. Kd3 Ke7 35. b4 Kd7 36. b5 Kc7 37. Kd4 h5 38. h3 g6 39. c4 Kb7 40. c5 bxc5+
41. Kxc5 Kc7 42. a4 Kd7 43. b6
1-0

[Event "FH 0"]
[Site "SchemingMind.com"]
[Date "2022.02.08"]
[Round "-"]
[White "Chessibelle"]
[Black "Michael Christensen"]
[Result "0-1"]
[WhiteCountry "ENG"]
[BlackCountry "GER"]
[WhiteElo "1057"]
[WhiteRD "62"]
[BlackElo "1738"]
[BlackRD "86"]
[GameID "720421"]

1. Nf3 Nf6 2. d4 d6 3. g3 Nbd7 4. e3 g6 5. Be2 Bg7 6. O-O b6 7. b3 Bb7 8. Nc3 O-O 9. Qd3 c5 10. Na4 cxd4
11. exd4 Rc8 12. Nc3 e5 13. Nd2 exd4 14. Qxd4 Nd5 15. Qd3 Nxc3 16. Bg4 Ne5 17. Qe3 Nxg4 18. Qf4 Ne2#
0-1

[Event "FH 0"]
[Site "SchemingMind.com"]
[Date "2022.02.08"]
[Round "-"]
[White "JAHI"]
[Black "Michael Christensen"]
[Result "1-0"]
[WhiteCountry "INT"]
[BlackCountry "GER"]
[WhiteElo "2156"]
[WhiteRD "66"]
[BlackElo "1796"]
[BlackRD "85"]
[GameID "720422"]

1. f3 e5 2. b3 d5 3. Bb2 Nc6 4. e3 Be6 5. f4 e4 6. Bb5 Bd7 7. Kf1 Nh6 8. Ne2 Qh4 9. Nbc3 Ng4 10. Qe1 Qh5
11. Ng3 Qg6 12. Nxd5 Qd6 13. h3 Qxd5 14. Bc4 Nxe3+ 15. Qxe3 Qd6 16. Nxe4 Qe7 17. Ba3 Nb4 18. Bxb4 Qxb4 19. Nd6+ Kd8 20. Nxf7+
1-0

[Event "FH 0"]
[Site "SchemingMind.com"]
[Date "2022.02.03"]
[Round "-"]
[White "Chessibelle"]
[Black "abuteague"]
[Result "0-1"]
[WhiteCountry "ENG"]
[BlackCountry "USA"]
[WhiteElo "1057"]
[WhiteRD "62"]
[BlackElo "1647"]
[BlackRD "80"]
[GameID "720425"]

1. Nf3 d6 2. d4 Nf6 3. h3 c6 4. e3 e6 5. Be2 Be7 6. O-O O-O 7. Nc3 Nbd7 8. Bd3 d5 9. Bd2 a6 10. Ne2 c5
11. Nh2 c4 12. Bxh7+ Nxh7 13. f3 Bh4 14. f4 b5 15. g3 Be7 16. c3 a5 17. Be1 b4 18. Rf2 bxc3 19. Nxc3 Bb4 20. a3 Bxc3
21. bxc3 Ndf6 22. Qc2 Ne4 23. Re2 Qf6 24. h4 Qg6 25. Qd1 Nhf6 26. Rg2 Nh5 27. Ng4 f6 28. Nh2 f5 29. Nf3 Ba6 30. Ne5 Qh6
31. Qa4 Nhxg3 32. Rh2 Nh5 33. Rb1 Nhf6 34. Qxa5 Ng4 35. Rg2 Nxe3 36. Rh2 Qxf4 37. Kh1 Qf1#
0-1

[Event "FH 0"]
[Site "SchemingMind.com"]
[Date "2022.02.03"]
[Round "-"]
[White "JAHI"]
[Black "Kenny Elliott"]
[Result "1-0"]
[WhiteCountry "INT"]
[BlackCountry "USA"]
[WhiteElo "2070"]
[WhiteRD "70"]
[BlackElo "1507"]
[BlackRD "70"]
[GameID "720426"]

1. f3 e5 2. b3 d5 3. Bb2 Nc6 4. e3 d4 5. Bb5 a6 6. Bxc6+ bxc6 7. Na3 Bxa3 8. Bxa3 Ne7 9. Ne2 O-O 10. Kf1 Re8
11. Kg1 Nd5 12. e4 Nf4 13. Nxf4 exf4 14. d3 Qg5 15. h3 Re6 16. h4 Qa5 17. Bb2 c5 18. Qc1 f5 19. h5 fxe4 20. dxe4 Rf6
21. c3 d3 22. c4 d2 23. Qc2 Rd6 24. Be5 d1=Q+ 25. Rxd1 Rxd1+ 26. Qxd1 c6 27. h6 g6 28. Kh2 Bb7 29. Qd7 Rd8 30. Qg7#
1-0

[Event "FH 0"]
[Site "SchemingMind.com"]
[Date "2022.02.03"]
[Round "-"]
[White "abuteague"]
[Black "JAHI"]
[Result "0-1"]
[WhiteCountry "USA"]
[BlackCountry "INT"]
[WhiteElo "1647"]
[WhiteRD "80"]
[BlackElo "2070"]
[BlackRD "70"]
[GameID "720427"]

1. d4 a6 2. c4 g6 3. Nf3 Bg7 4. e3 Kf8 5. Bd3 h6 6. O-O h5 7. Nc3 Nc6= 8. a3 e6 9. b4 b6 10. Bb2 Bb7
11. Be4 Nf6 12. d5 Nxe4 13. Nxe4 Bxb2 14. Ra2 Bg7 15. dxc6 Bxc6 16. Ned2 Kg8 17. h3 Qf8 18. Nd4 Bb7 19. N2f3 Re8 20. Rd2 f6
21. Nb3 d6 22. Nh4 Rh6 23. Nd4 f5 24. Nxg6 Rxg6 25. g3 h4 26. Kh2 Be5 27. Rg1 hxg3+ 28. fxg3 Qh6 29. b5 Qxh3+ 30. Kxh3 Rh6+
31. Qh5 Rxh5#
0-1

[Event "FH 0"]
[Site "SchemingMind.com"]
[Date "2022.02.03"]
[Round "-"]
[White "JAHI"]
[Black "Chessibelle"]
[Result "1-0"]
[WhiteCountry "INT"]
[BlackCountry "ENG"]
[WhiteElo "2044"]
[WhiteRD "69"]
[BlackElo "1030"]
[BlackRD "65"]
[GameID "720428"]

1. f3 e5 2. g3 d6 3. Bg2 Nc6 4. Kf1 g6 5. f4 f5 6. Nf3 b6 7. Nxe5 Bb7 8. Bxc6+ Bxc6 9. Nxc6 Qc8 10. e3 Nf6
11. Qf3 Qb7 12. Kg2 Bg7 13. Nc3 O-O 14. h3 Rae8 15. h4 a6 16. Ne7+ Rxe7 17. Qxb7
1-0

[Event "FH 0"]
[Site "SchemingMind.com"]
[Date "2022.02.06"]
[Round "-"]
[White "demitri"]
[Black "capablanca"]
[Result "0-1"]
[WhiteCountry "USA"]
[BlackCountry "GER"]
[WhiteElo "1677"]
[WhiteRD "83"]
[BlackElo "1688"]
[BlackRD "81"]
[GameID "720430"]

1. e4 e5 2. Nf3 Nc6 3. Bc4 Nf6 4. O-O Bc5 5. Nc3 d6 6. d3 h6 7. Na4 Bb6 8. Nxb6 axb6 9. a4 Bd7 10. c3 O-O
11. b4 Ne7 12. b5 Ng6 13. Be3 c5 14. h3 Be6 15. Qb3 Bxc4 16. Qxc4 Nf4 17. Nh4 N6h5 18. Nf5 Qg5 19. Bxf4 Nxf4 20. Ng3 h5
21. Kh2 h4 22. Rad1 hxg3+ 23. fxg3 Ne6 24. Rf5 Qe7 25. Rh5 Nc7 26. Rf1 Qe6 27. Rd1 g6 28. Rh4 Kg7 29. Qxe6 Nxe6
0-1